Name a Valid Country #9 - Statistics

General Stats
  • This quiz has been taken 47,041 times
    45,262 since last reset
  • The average score is 13 of 17
Answer Stats
Name a country... # Countries % Correct
that only borders one other country 17 Dominican Republic | Haiti | Ireland | Portugal | South Korea | United Kingdom | +11 others
99%
in South America that does NOT share a border with Brazil 2 Chile | Ecuador
96%
that is larger than Texas, but has fewer people 13 Australia | Bolivia | Chad | Chile | Kazakhstan | Libya | Mali | Mauritania | Mongolia | Namibia | Niger | Venezuela | Zambia
92%
with Russian as an official language (other than Russia) 3 Belarus | Kazakhstan | Kyrgyzstan
91%
that shares an island with Indonesia 4 Brunei | East Timor | Malaysia | Papua New Guinea
91%
that has participated in Eurovision but is not a European country 8 Armenia | Australia | Azerbaijan | Cyprus | Georgia | Israel | Morocco | Turkey
90%
that has hosted the Olympics and is south of the Equator 2 Australia | Brazil
90%
whose name for its people end in -ISH 9 Denmark | Finland | Ireland | Luxembourg | Poland | Spain | Sweden | Turkey | United Kingdom
90%
where one of the last four popes was born 4 United States | Argentina | Germany | Poland
90%
where the average person is at least 46 years old 9 Monaco | Japan | Andorra | Italy | Germany | Spain | Greece | Portugal | Slovenia
88%
whose flag is only green and white 3 Nigeria | Pakistan | Saudi Arabia
88%
with area less than 1,000 km² and in Asia 3 Maldives | Singapore | Bahrain
78%
that is part of the Maghreb 5 Algeria | Libya | Mauritania | Morocco | Tunisia
63%
whose lowest point is more than 500 meters above sea level 7 Lesotho | Rwanda | Andorra | Burundi | Uganda | Mongolia | Botswana
58%
whose name has four or more A's 3 Antigua and Barbuda | Madagascar | Saudi Arabia
56%
whose name would be worth only four points in Scrabble 2 Iran | Laos
48%
where polio is still endemic as of 2025 2 Afghanistan | Pakistan
30%
No matching quizzes found
Score Distribution
Percent of People with Each Score
Percentile by Number Answered
Your Score History
You have not taken this quiz since the last reset